La velocidad de denominación y su efecto en variables atencionales y errores de lectoescritura en función del diagnóstico (Record no. 190231)

MARC details
000 -CABECERA
campo de control de longitud fija 02216nab a2200313 a 4500
005 - FECHA Y HORA DE LA ÚLTIMA TRANSACCIÓN
campo de control 20250310182340.0
008 - ELEMENTOS DE LONGITUD FIJA--INFORMACIÓN GENERAL
campo de control de longitud fija 991125c2017 sp tr p o 000 0 spa d
035 ## - NÚMERO DE CONTROL DEL SISTEMA
Número de control de sistema UPN01000218131
040 ## - FUENTE DE LA CATALOGACIÓN
Centro catalogador/agencia de origen UPN
Lengua de catalogación spa
Centro/agencia transcriptor UPN
Normas de descripción aacr2
049 ## - COLECCIÓN
Colección ART-E
100 1# - ASIENTO PRINCIPAL--NOMBRE PERSONAL
Nombre de persona Areces, Debora
100 1# - ASIENTO PRINCIPAL--NOMBRE PERSONAL
Nombre de persona Rodríguez Pérez, Celestino
Enlace - rodriguezcelestino@uniovi.es
100 1# - ASIENTO PRINCIPAL--NOMBRE PERSONAL
Nombre de persona González Castro, Paloma
100 1# - ASIENTO PRINCIPAL--NOMBRE PERSONAL
Nombre de persona García, Trinidad
100 1# - ASIENTO PRINCIPAL--NOMBRE PERSONAL
Nombre de persona Cueli, Marisol
245 13 - MENCIÓN DE TÍTULO
Título La velocidad de denominación y su efecto en variables atencionales y errores de lectoescritura en función del diagnóstico
Medio [recurso electrónico en línea]
506 0# - NOTA DE RESTRICCIONES AL ACCESO
Limitaciones de acceso Acceso abierto
520 3# - NOTA DE RESUMEN, ETC.
Sumario, etc. Si bien la velocidad de denominación, generalmente evaluada con pruebas como el RAN/RAS ha demostrado su utilidad en la predicción de ciertos errores lectores y dificultades atencionales, hasta el momento no se ha analizado que variables predicen el rendimiento en la prueba. El objetivo del presente estudio es comprobar el poder explicativo de determinadas variables lectoras y atencionales sobre la velocidad de denominación en función del diagnóstico. Se utilizó una muestra de 132 estudiantes divididos en cuatro grupos (Control, n=34; Dificultades Lectoras, n=22; TDAH, n=41; y TDAH y Dificultades Lectoras, n=35). Los resultados mostraron: 1) en ausencia de dificultades, la velocidad de denominación es explicada por el CI, la edad y el género; 2) ante dificultades lectoras, las variables con mayor poder predictivo son los errores de lectura; 3) ante dificultades atencionales, son ciertas variables atencionales como los índices proporcionados por el TOVA, las que muestran una mayor significatividad.
650 #0 - ASIENTO SECUNDARIO DE MATERIA - TERMINO TEMATICO
9 (RLIN) 53508
Término de materia o nombre geográfico como elemento de entrada Trastorno por déficit de atención con hiperactividad
653 0# - TERMINO DE INDIZACION - NO CONTROLADO
Término no controlado Velocidad denominación
653 0# - TERMINO DE INDIZACION - NO CONTROLADO
Término no controlado Dificultades lectoras
653 0# - TERMINO DE INDIZACION - NO CONTROLADO
Término no controlado Problemas atencionales
773 ## - ENLACE AL DOCUMENTO FUENTE/ENTRADA DE REGISTRO ANFITRIÓN
Parte(s) relacionada(s) Vol. 33, no. 2 (2017), p. 301-310
Título Anales de psicología = Annals of psychology
Número Internacional Normalizado para Publicaciones Seriadas 1695-2294
856 4# - LOCALIZACIÓN Y ACCESO ELECTRÓNICOS
Identificador Uniforme del Recurso <a href="https://revistas.um.es/analesps/article/view/analesps.33.2.239091">https://revistas.um.es/analesps/article/view/analesps.33.2.239091</a>
856 4# - LOCALIZACIÓN Y ACCESO ELECTRÓNICOS
Identificador Uniforme del Recurso <a href="https://doi.org/10.6018/analesps.33.2.239091">https://doi.org/10.6018/analesps.33.2.239091</a>
902 ## - ELEMENTOS DE DATOS B LOCAL, LDB (RLIN)
Creó Gloria Jiménez/0924
905 ## - TIPO DE MATERIAL
Tipo de material Articulo
942 ## - ELEMENTOS DE PUNTO DE ACCESO ADICIONAL (KOHA)
Tipo de ítem Koha Artículo Electrónico
Holdings
Estado de retiro Estado de pérdida Estado dañado No para préstamo Código de colección Localización permanente Ubicación/localización actual Ubicación en estantería Fecha de adquisición Total de préstamos Fecha visto por última vez Identificador Uniforme del Recurso Precio válido a partir de Tipo de ítem Koha
        Acceso abierto Bib. Gregorio Torres Quintero Bib. Gregorio Torres Quintero En línea 10/09/2024   10/09/2024 https://doi.org/10.6018/analesps.33.2.239091 10/09/2024 Artículo Electrónico